Metodika simultánní detekce a kvantifikace nepovirů GFLV (Grapevine fanleaf virus) a ArMV (Arabis mosaic virus) pomocí TaqMan Real Time PCR systému /

Hlavní autor: Eichmeier, Aleš
Korporativní autor: Mendelova univerzita. Zahradnická fakulta
Další autoři: Baránek, Miroslav, Pidra, Miroslav
Jazyk: Čeština
Vydáno: V Brně : Mendelova univerzita, 2011
Témata:
Externí odkaz: Digitalizovaný dokument
Fyzický popis: 51 s. : il. (převážně barev.) ; 21 cm
Knihy
Uloženo v:
LEADER 02275nam a2200517 a 4500
001 nkc20122340349
003 CZ PrNK
005 20170105235013.0
007 ta
008 120208s2011 xr a e f 000 0 cze
015 |a cnb002340349 
020 |a 978-80-7375-574-4  |q (brož.) 
035 |a (OCoLC)780139559 
040 |a ABA001  |b cze 
072 7 |a 632  |x Ochrana rostlin. Fytopatologie  |2 Konspekt  |9 24 
080 |a 578.862  |2 MRF 
080 |a 57.088.7  |2 MRF 
080 |a 632.9  |2 MRF 
080 |a (072)  |2 MRF 
100 1 |a Eichmeier, Aleš  |7 uzp2012682975  |4 aut 
245 1 0 |a Metodika simultánní detekce a kvantifikace nepovirů GFLV (Grapevine fanleaf virus) a ArMV (Arabis mosaic virus) pomocí TaqMan Real Time PCR systému /  |c autoři Aleš Eichmeier, Miroslav Baránek, Miroslav Pidra 
260 |a V Brně :  |b Mendelova univerzita,  |c 2011 
300 |a 51 s. :  |b il. (převážně barev.) ;  |c 21 cm 
500 |a Na obálce pod názvem: Mendelova univerzita v Brně, Zahradnická fakulta v Lednici 
504 |a Obsahuje bibliografii 
650 0 7 |a Grapevine fanleaf virus  |7 ph685039  |2 czenas 
650 0 7 |a Arabis mosaic virus  |7 ph685038  |2 czenas 
650 0 7 |a genetické metody  |7 ph261562  |2 czenas 
650 0 7 |a ochrana rostlin  |7 ph123664  |2 czenas 
650 0 9 |a Grapevine fanleaf virus  |2 eczenas 
650 0 9 |a Arabis mosaic virus  |2 eczenas 
650 0 9 |a genetic methods  |2 eczenas 
650 0 9 |a plant conservation  |2 eczenas 
655 7 |a metodické příručky  |7 fd132826  |2 czenas 
655 9 |a methodological manuals  |2 eczenas 
700 1 |a Baránek, Miroslav  |7 mzk2006337468  |4 aut 
700 1 |a Pidra, Miroslav  |7 mzk2006337375  |4 aut 
710 2 |a Mendelova univerzita.  |b Zahradnická fakulta  |7 kn20100419005 
856 4 1 |u http://www.digitalniknihovna.cz/mzk/uuid/uuid:31839980-b863-11e6-88f6-005056827e52  |y Digitalizovaný dokument  |x NDK 
910 2 |a BOA001  |b 2-1279.837 
990 |a BK 
995 |a 01 
991 |b 201202  |c NOV  |e n 
996 6 |b 2610501755  |c 2-1279.837  |l MZK  |r Sklad / do 1 hodiny  |n 0  |p p.v.  |w 001225742  |u 000010  |a 1  |e BOA001  |j MZK50  |s P 
996 7 |b 2610506027  |c 2-1279.837  |l MZK  |r Sklad / do 1 hodiny  |n 0  |p dar  |w 001225742  |u 000020  |a 1  |e BOA001  |j MZK50  |s A 
996 7 |b 2610506028  |c 2-1279.837  |l MZK  |r Sklad / do 1 hodiny  |n 0  |p dar  |w 001225742  |u 000030  |a 1  |e BOA001  |j MZK50  |s A